| 000 | 00357nam a2200145Ia 4500 | ||
|---|---|---|---|
| 008 | 230312s9999||||xx |||||||||||||| ||und|| | ||
| 082 |
_a338.409 _bNAS-E |
||
| 100 | _aM.Saeed,Nasir | ||
| 245 | 0 | _aEconomics of pakistan | |
| 260 |
_bNasab Printers _aPakistan _c2007 |
||
| 300 | _a292 | ||
| 546 | _aEng. | ||
| 650 |
_aEconomics _vNatural Resources |
||
| 942 | _cBK | ||
| 999 |
_c6338 _d6338 |
||